College Football 2025 Top 25 QBs - Statistics

General Stats
  • This quiz has been taken 85 times
  • The average score is 17 of 25
Answer Stats
Rank Team Answer % Correct
10 Texas Arch Manning
95%
7 Miami Carson Beck
95%
1 Clemson Cade Klubnik
93%
5 Penn State Drew Allar
89%
2 South Carolina LaNorris Sellers
88%
22 Indiana Fernando Mendoza
86%
21 Vanderbilt Diego Pavia
84%
3 LSU Garrett Nussmeier
82%
12 Florida DJ Lagway
81%
6 Oklahoma John Mateer
81%
4 Arizona State Sam Leavitt
81%
11 Georgia Tech Haynes King
78%
8 SMU Kevin Jennings
64%
13 Iowa State Rocco Becht
62%
25 UCLA Nico Iamaleava
59%
20 Kansas State Avery Johnson
58%
16 Arkansas Taylen Green
55%
9 Duke Darian Mensah
54%
19 Illinois Luke Altmyer
49%
23 Cincinnati Brendan Sorsby
42%
24 Texas Tech Behren Morton
39%
15 TCU Josh Hoover
39%
14 Utah Devon Dampier
36%
17 Navy Blake Horvath
34%
18 Tulane Jake Retzlaff
26%
No matching quizzes found
Score Distribution
Percent of People with Each Score
Percentile by Number Answered
Your Score History
You have not taken this quiz